| 000 | 00970nam a2200253 i 4500 | ||
|---|---|---|---|
| 001 | 139875 | ||
| 003 | ES-MaACL | ||
| 005 | 20250901090642.0 | ||
| 007 | t| | ||
| 008 | 070214s1955 sp a |||| | spa d | ||
| 245 | 0 | 0 |
_aTécnica roentgenológica / _cdirigido por Herbert Schoen ; traducido por los doctores N. Lloret Barber, José Mª Masriera y Sagalés. |
| 260 |
_aBarcelona : _bCientífico Médica, _c1955. |
||
| 300 |
_a2 v. : _bil. ; _c25 cm. |
||
| 505 | 8 | _aI. Esqueleto y órganos internos, por Herbert Schoen (XI, 226 p.) - II. Técnica física, por Erich Bunde y Viktor Loeck (XIII, 349 p.) | |
| 650 | 0 | 7 |
_aRadioterapia _2embne _916672 |
| 650 | 4 |
_aDiagnóstico por imagen. _9140493 |
|
| 700 | 1 |
_aSchoen, Herbert. _9104605 |
|
| 700 | 1 |
_aLloret Barber, N. _972921 |
|
| 700 | 1 |
_aMasriera y Sagalés, José María. _978779 |
|
| 700 | 1 |
_aBunde, Erich. _932543 |
|
| 700 | 1 |
_aLoeck, Viktor. _973090 |
|
| 852 |
_aES-MaACL _jA-308-09 |
||
| 999 |
_c139875 _d139875 |
||